Star Wars: The Old Republic Advanced Classes - Statistics

General Stats
  • This quiz has been taken 10 times
  • The average score is 8 of 16
Answer Stats
Hint Answer % Correct
Jedi Consular Shadow
80%
Jedi Knight Guardian
70%
Sith Warrior Juggernaut
70%
Imperial Agent Sniper
70%
Sith Inquisitor Assassin
60%
Bounty Hunter Mercenary
60%
Trooper Commando
50%
Sith Warrior Marauder
50%
Jedi Knight Sentinel
50%
Smuggler Gunslinger
40%
Jedi Consular Sage
40%
Trooper Vanguard
40%
Imperial Agent Operative
30%
Bounty Hunter Powertech
30%
Smuggler Scoundrel
30%
Sith Inquisitor Sorcerer
30%
No matching quizzes found
Score Distribution
Percent of People with Each Score
Percentile by Number Answered
Your Score History
You have not taken this quiz